000 01576cab a2200205 4500
001 ABS68626
008 050114n2005 000 0 eng u
035 _a(Sirsi) u128530
100 _aCoppel, P.
245 _aEnvironmental information: the new regime
260 _c2005
490 _aJournal of Planning and Environment Law
_vJanuary 2005, 12-33(22)
520 _aExamines the new regime for accessing environmental information from any public authority as brought into force on 1 January 2005 by the "Environmental Information Regulations 2004" and the "Freedom of Information Act 2000", whose rights take effect on the same date. Considers the practical significance of the new regime including the relationship between the 2000 Act and the 2004 Regulations. Outlines the rights of access to environmental information and identifies similarities and differences between access to environmental information and other categories of officially held information. Concludes that the full significance of the new regime becomes clear when it is considered in conjunction with the ever increasing range of government decisions in which environmental consequences must be taken into account and the more conventional modes of personal involvement in planning or environmental decision making.
590 _aABS
650 _aFREEDOM OF INFORMATION ACT 2000
650 _aENVIRONMENTAL INFORMATION REGULATIONS 2004
650 _aTOWN AND COUNTRY PLANNING (ENVIRONMENTAL IMPACT ASSESSMENT) REGULATIONS 1999
690 _aENVIRONMENTAL AND LAND CONSULTANCY
942 _n0
999 _c74720
_d74720